[Event "9th L.Kaplun Mem"]
[Site "Ternopil UKR"]
[Date "2006.05.28"]
[Round "7"]
[White "Kalinina,L"]
[Black "Skalski,M"]
[Result "1/2-1/2"]
[WhiteElo "2124"]
[BlackElo "2327"]

1.e4 g6 2.d4 Bg7 3.Nc3 c6 4.Nf3 d5 5.h3 Nf6 6.e5 Ne4 7.Nxe4 dxe4 8.Ng5 c5
9.Nxe4 cxd4 10.f4 Nc6 11.Bd3 O-O 12.O-O f6 13.exf6 exf6 14.Bd2 Bf5 15.Nf2 Bxd3
16.Nxd3 f5 17.Qf3 Qd6 18.Rae1 Rae8 19.Re2 b6 20.Rfe1 Rxe2 21.Qxe2 Qd5 22.Qe6+ Qxe6
23.Rxe6 Rc8 24.Re2 Kf7 25.Kf2 Re8 26.Rxe8 Kxe8 27.a4 h5 28.Kf3 Kd7 29.g4 hxg4+
30.hxg4 Ke6 31.b3  1/2-1/2

[Event "28th Nezhmetdinov mem"]
[Site "Kazan RUS"]
[Date "2006.06.03"]
[Round "3"]
[White "Tkachuk,A"]
[Black "Sotnikov,Alexa"]
[Result "0-1"]
[WhiteElo "2160"]
[BlackElo "2259"]

1.e4 c6 2.d4 g6 3.Nc3 Bg7 4.f4 d5 5.e5 h5 6.Nf3 Bg4 7.Bd3 e6 8.O-O Ne7 9.Ne2 Bf5
10.c3 Nd7 11.b4 Nb6 12.b5 Bxd3 13.Qxd3 cxb5 14.Qxb5+ Qd7 15.Rb1 Qxb5 16.Rxb5 Nf5
17.Bd2 O-O-O 18.Rfb1 Rd7 19.Kf2 Nc4 20.Bc1 Kb8 21.Ne1 Rc8 22.Nc2 Bf8 23.Ne3 Nfxe3
24.Bxe3 Na3 25.Ke1 Rc4 26.R5b2 Nxb1 27.Rxb1  0-1

[Event "2nd Goran"]
[Site "Bibinje CRO"]
[Date "2006.06.11"]
[Round "4"]
[White "Groszpeter,A"]
[Black "Biliskov,V"]
[Result "1/2-1/2"]
[WhiteElo "2518"]
[BlackElo "2324"]

1.e4 g6 2.d4 Bg7 3.Nc3 c6 4.Nf3 d5 5.Bf4 Bg4 6.h3 Bxf3 7.Qxf3 e6 8.O-O-O Ne7
9.g4 O-O 10.h4 h6 11.Qe3 Kh7 12.exd5 Nxd5 13.Nxd5 Qxd5 14.Bd3 f5 15.c3 Nd7
16.Rhg1 Nf6 17.c4 Qd7 18.f3 b5 19.gxf5 exf5 20.Be5 bxc4 21.Bxc4 Bh8 22.Rde1 Rae8  1/2-1/2

[Event "Open A"]
[Site "Balatonlelle HUN"]
[Date "2006.06.19"]
[Round "3"]
[White "Wegerer,J"]
[Black "Kende,G"]
[Result "0-1"]
[WhiteElo "2079"]
[BlackElo "2232"]

1.e4 g6 2.d4 Bg7 3.Nc3 c6 4.Be3 d5 5.Qd2 Nf6 6.f3 dxe4 7.Nxe4 Nbd7 8.O-O-O Nb6
9.Bh6 Bxh6 10.Nxf6+ exf6 11.Qxh6 Be6 12.Kb1 Qd5 13.b3 O-O-O 14.Be2 Qa5 15.Qd2 Qxd2
16.Rxd2 c5 17.c3 Nd5 18.Kb2 Ne3 19.g3 cxd4 20.cxd4 h5 21.Bd1 h4 22.g4 f5
23.g5 h3 24.Ne2 Rh4 25.Rd3 f4 26.Nc3 Rh5 27.Rg1 Bf5 28.Rd2 Rhh8 29.Be2 Rhe8
30.Rc1 Kb8 31.Nd1 Re7 32.Bc4 Red7 33.Nxe3 fxe3 34.Re2 Rxd4 35.Rxe3 Rd2+ 36.Ka3 Rxh2
37.Re7 Rc2 38.Rxc2 Bxc2 39.Rxf7 Rh8 40.Bd5 h2 41.Rxb7+ Kc8 42.f4 h1=Q 43.Bxh1 Rxh1
44.Rxa7 Rf1 45.Rf7 Bf5 46.Kb4 Rxf4+ 47.Kc5 Rf2 48.a4 Rc2+ 49.Kb4 Rb2 50.Ka3 Rxb3+
51.Ka2 Rg3 52.a5  0-1

[Event "Open A"]
[Site "Voronezh RUS"]
[Date "2006.06.20"]
[Round "8"]
[White "Jakovenko,I"]
[Black "Terentiev,V"]
[Result "1-0"]
[WhiteElo "2234"]
[BlackElo "2343"]

1.e4 g6 2.d4 Bg7 3.Nc3 c6 4.Be2 d5 5.exd5 cxd5 6.Bf3 Nc6 7.Nge2 Nf6 8.Bf4 Bg4
9.Bxg4 Nxg4 10.h3 Nf6 11.O-O O-O 12.a3 Na5 13.Qd3 Nc4 14.b3 Nd6 15.Be5 e6
16.f3 Rc8 17.Rac1 Qd7 18.Na4 Rfd8 19.Nc5 Qe7 20.Qd2 Nfe8 21.Bxg7 Kxg7 22.a4 Nf5
23.Nd3 Ned6 24.c3 Qh4 25.Kh2 Rc7 26.g3 Qh6 27.Nef4 Rdc8 28.g4 g5 29.gxf5 gxf4
30.Nxf4 Nxf5 31.Rg1+ Kh8 32.Rg4 Rg8 33.Rcg1 Rxg4 34.fxg4 Nd6 35.g5 Qf8 36.Qe3 Ne4
37.c4 Qb4 38.Rg2 Qc3 39.Nd3 Rc8 40.g6 fxg6 41.Qf4 Kg7 42.Qe5+ Kh6 43.Nf4 Qf3
44.Nxe6 Qf6 45.cxd5  1-0

[Event "Open A"]
[Site "Balatonlelle HUN"]
[Date "2006.06.21"]
[Round "5"]
[White "Papp,Ga"]
[Black "Horvath,Ju"]
[Result "1-0"]
[WhiteElo "2482"]
[BlackElo "2261"]

1.e4 g6 2.d4 Bg7 3.Nc3 c6 4.Bc4 d6 5.a4 Nf6 6.Bb3 O-O 7.Nf3 Bg4 8.h3 Bxf3
9.Qxf3 Nbd7 10.Qe2 Qc7 11.O-O e5 12.d5 a6 13.dxc6 bxc6 14.Be3 a5 15.Rad1 h6
16.Qd2 Ne8 17.Bxh6 Nc5 18.Bc4 Kh7 19.Be3 Ne6 20.Ne2 Qe7 21.c3 f5 22.exf5 gxf5
23.Bxe6 Qxe6 24.f4 Rb8 25.fxe5 dxe5 26.Bc5 Rf7 27.b4 Ra8 28.Qc2 Kg8 29.Rde1 Qd7
30.Ng3 f4 31.Ne4 Qf5 32.Qb3 axb4 33.cxb4 Qg6 34.a5 Kh8 35.Rd1 Rb7 36.Qc4 Nf6
37.a6 Rbb8 38.Nxf6 Bxf6 39.a7 Rg8 40.Qe2 Rg7 41.Kh1 Be7 42.Bxe7 Rxe7 43.Rxf4 exf4
44.Qxe7  1-0

[Event "IM"]
[Site "Balatonlelle HUN"]
[Date "2006.06.22"]
[Round "6"]
[White "Shanmugam,R"]
[Black "Werner,Di"]
[Result "0-1"]
[WhiteElo "2156"]
[BlackElo "2333"]

1.e4 g6 2.d4 Bg7 3.Nc3 c6 4.Be3 d5 5.Nf3 Nf6 6.Bd3 dxe4 7.Nxe4 Nxe4 8.Bxe4 Nd7
9.c3 O-O 10.O-O Nb6 11.Qc1 Re8 12.Bh6 Bh8 13.Bf4 Be6 14.Re1 Bd5 15.Qc2 a5
16.Bg3 a4 17.h3 Bg7 18.Re2 Bxe4 19.Rxe4 Qd5 20.Be5 f6 21.Bg3 Rac8 22.b3 c5
23.c4 cxd4 24.Rxd4 Qc5 25.Rad1 f5 26.R4d2 e5 27.Bh4 e4 28.Nh2 f4 29.Bd8 e3
30.Bxb6 Qxb6 31.fxe3 fxe3 32.Re2 Rcd8 33.Rxd8 Rxd8 34.Nf1 Bd4 35.Nh2 Bc5
36.Nf1 Qf6 37.Qc1 Rd2 38.Qe1 Qb2 39.Ng3 axb3 40.axb3 Qxb3 41.Kh2 Rxe2 42.Qxe2 Bd6
43.h4 b5 44.cxb5 Qe6 45.b6 Qe5 46.Qc4+ Kg7 47.Qg4 e2  0-1

[Event "20th Open"]
[Site "Pula CRO"]
[Date "2006.06.24"]
[Round "8"]
[White "Sagafos,M"]
[Black "Ivakhin,M"]
[Result "1-0"]
[WhiteElo "2271"]
[BlackElo "2368"]

1.e4 g6 2.d4 c6 3.Nc3 Bg7 4.f4 d5 5.e5 h5 6.Nf3 Nh6 7.Be3 b6 8.h3 Ba6 9.Bxa6 Nxa6
10.Qd3 Nc7 11.O-O-O Qd7 12.Nh4 O-O-O 13.Ne2 Kb7 14.Rhg1 Bf8 15.Bf2 Rg8 16.Qf3 f5
17.Qe3 Nf7 18.Nf3 Ne6 19.Bh4 Bh6 20.Kb1 g5 21.fxg5 Nfxg5 22.Nxg5 Nxg5 23.Ng3 f4
24.Qxf4 Rdf8 25.Qe3 Qe6 26.Qe2 Qg6 27.Qxh5 Rf4 28.Qxg6 Rxg6 29.Bxg5 Rxg5
30.Nh1 e6 31.g4 c5 32.c3 cxd4 33.cxd4 Rg8 34.Rgf1 Rgf8 35.Rxf4 Rxf4 36.Kc2 Bg5
37.Rd3 Kc6 38.Kc3 Kb5 39.Ng3 Rf2 40.b3 Bc1 41.a4+ Ka5 42.Rd1 Bb2+ 43.Kd3 Rf3+
44.Kc2 Rxg3 45.Kxb2 Kb4 46.Kc2 Rxh3 47.Rg1 Rh2+ 48.Kd3 Kxb3 49.g5 Rh3+ 50.Kd2 Rh7
51.g6 Rg7 52.Ke3 Kxa4 53.Kf4 b5 54.Kg5 b4 55.Kf6 Rg8 56.Kxe6 b3 57.Kf7 Rb8
58.e6 b2 59.e7  1-0

[Event "Midnight Sun"]
[Site "Tromso NOR"]
[Date "2006.06.26"]
[Round "3"]
[White "Gullaksen,E"]
[Black "Rozentalis,E"]
[Result "1/2-1/2"]
[WhiteElo "2380"]
[BlackElo "2596"]

1.e4 g6 2.d4 Bg7 3.Nc3 c6 4.Nf3 d5 5.exd5 cxd5 6.Bf4 a6 7.h3 Nc6 8.Be2 Nf6
9.O-O Ne4 10.Bd3 Nxc3 11.bxc3 O-O 12.Re1 Bf5 13.Qd2 Bxd3 14.cxd3 Re8 15.a4 e6
16.Reb1 Re7 17.Ne5 Nxe5 18.Bxe5 Bxe5 19.dxe5 Rc8 20.d4 Rc4 21.a5 Rec7 22.Rb3  1/2-1/2

[Event "White Nights Open"]
[Site "St Petersburg RUS"]
[Date "2006.06.29"]
[Round "7"]
[White "Frolochkin,V"]
[Black "Timchenko,A"]
[Result "1-0"]
[WhiteElo "2200"]
[BlackElo "2119"]

1.e4 g6 2.d4 Bg7 3.Nc3 c6 4.h3 d5 5.Nf3 Nf6 6.e5 Ne4 7.Nxe4 dxe4 8.Ng5 c5
9.d5 Bxe5 10.Nxe4 O-O 11.c3 Qc7 12.Bh6 Bg7 13.Bxg7 Kxg7 14.Qf3 f5 15.Ng3 e5
16.O-O-O Qd6 17.Ne2 b5 18.g4 f4 19.c4 b4 20.Kb1 Nc6 21.Bg2 Nd4 22.Nxd4 exd4
23.Bf1 Bd7 24.Bd3 Rae8 25.g5 Re5 26.h4 Bf5 27.Bxf5 Rfxf5 28.Rde1 Qe7 29.Rxe5 Rxe5
30.Rd1 Re1 31.Rxe1 Qxe1+ 32.Kc2 Qf1 33.d6 Qxc4+ 34.Kd2 Qe6 35.Qb7+ Kf8 36.Qa8+ Qe8
37.Qd5 f3 38.Qxf3+ Qf7 39.Qa8+ Kg7 40.Kd3 Qf5+ 41.Kc4 d3 42.Qxa7+ Kg8 43.Qb8+ Kg7
44.Qc7+ Kg8 45.d7  1-0

[Event "35th TCh-GRE"]
[Site "Ermioni GRE"]
[Date "2006.07.06"]
[Round "4"]
[White "Tzermiadianos,And"]
[Black "Managadze,N"]
[Result "1-0"]
[WhiteElo "2462"]
[BlackElo "2444"]

1.e4 c6 2.d4 g6 3.Nc3 Bg7 4.f4 d5 5.e5 h5 6.Be3 Nh6 7.Nf3 Bg4 8.h3 Nf5 9.Bf2 Bxf3
10.Qxf3 e6 11.g4 Ne7 12.O-O-O Nd7 13.Bd3 Nf8 14.Bh4 Qd7 15.Ne2 O-O-O 16.Bf6 Rh7
17.Rdg1 Kc7 18.Bh4 Rh8 19.Ng3 hxg4 20.hxg4 Nh7 21.Kb1 f6 22.f5 Rdf8 23.exf6 Bxf6
24.Bxf6 Rxf6 25.g5 Rff8 26.f6 Nf5 27.Ne2 Rfg8 28.c3 Nf8 29.Nf4 Rxh1 30.Rxh1 Qf7
31.Qe2 Kc8 32.Re1 Kd7 33.Bxf5 gxf5 34.Nd3 Qh7 35.Nc5+ Kc8 36.Nxe6 Nd7 37.Nf4 Rxg5
38.Qe8+ Kc7 39.Ne6+  1-0

[Event "XXIV Andorra Open"]
[Site "Andorra la Vella AND"]
[Date "2006.07.10"]
[Round "3"]
[White "Almagro Llamas,P"]
[Black "Comas Fabrego,L"]
[Result "0-1"]
[WhiteElo "2380"]
[BlackElo "2495"]

1.e4 g6 2.d4 Bg7 3.Nc3 c6 4.Nf3 d5 5.h3 Nh6 6.g4 f6 7.g5 Nf7 8.exd5 cxd5
9.h4 Bg4 10.Be2 Nc6 11.Be3 e6 12.Qd2 Nd6 13.Nh2 Bxe2 14.gxf6 Qxf6 15.Qxe2 O-O-O
16.Bg5 Qf5 17.Bxd8 Nxd4 18.Qd3 Nxc2+ 19.Kd2 Qxf2+ 20.Kc1 Nxa1 21.Bg5 Nc4
22.Qe2 Qxe2 23.Nxe2 Bxb2+ 24.Kb1 Bg7 25.Bc1 Rd8 26.Nf3 Rd6 27.Nfd4 e5  0-1

[Event "25th Open"]
[Site "St Veit AUT"]
[Date "2006.07.10"]
[Round "3"]
[White "Mazi,L"]
[Black "Pape,M"]
[Result "1-0"]
[WhiteElo "2350"]
[BlackElo "2196"]

1.e4 c6 2.d4 g6 3.Nc3 Bg7 4.Nf3 d6 5.h3 b5 6.Bd3 Nd7 7.O-O a6 8.Re1 e5 9.Be3 Ngf6
10.Ne2 exd4 11.Nexd4 Qc7 12.c4 O-O 13.cxb5 axb5 14.Rc1 Nc5 15.Bb1 b4 16.Bf4 Nfd7
17.Qd2 Rb8 18.Bh6 Re8 19.Bxg7 Kxg7 20.Nh2 Rb6 21.Ng4 Qd8 22.Nf3 Nf6 23.Nxf6 Qxf6
24.e5 Qd8 25.exd6 Ne6 26.Ne5 Bd7 27.Nxd7 Qxd7 28.Rxe6 Qxe6 29.Qd4+ Qe5 30.Qxb6 Qxd6
31.Rf1 Qd5 32.Qxb4  1-0

[Event "25th Open"]
[Site "St Veit AUT"]
[Date "2006.07.10"]
[Round "3"]
[White "Djurkovic,M"]
[Black "Praznik,N"]
[Result "0-1"]
[WhiteElo "2199"]
[BlackElo "2356"]

1.e4 g6 2.d4 Bg7 3.Nc3 c6 4.h3 d5 5.Nf3 Nh6 6.Bf4 f6 7.Qd2 Nf7 8.exd5 cxd5
9.Bxb8 Rxb8 10.Bb5+ Kf8 11.O-O Bh6 12.Qe2 a6 13.Ba4 Kg7 14.Bb3 e6 15.a4 Qa5
16.Nd1 Bd7 17.Ne3 Rhe8 18.Rfd1 Qb4 19.Qe1 Qd6 20.Ng4 Bf4 21.g3 Bh6 22.Nxh6 Nxh6
23.Kg2 Bc6 24.Qd2 Rbd8 25.Kh2 e5 26.dxe5 fxe5 27.Nh4 Qf6 28.Rf1 d4 29.c3 Nf5
30.Nxf5+ Qxf5 31.f4 dxc3 32.Qxc3 Qe4 33.Rf2 Rd3 34.Qc4 Qe3  0-1

[Event "Aegean Open"]
[Site "Agios Kirikos GRE"]
[Date "2006.07.13"]
[Round "2"]
[White "Goumas,G"]
[Black "Svetushkin,D"]
[Result "1-0"]
[WhiteElo "2121"]
[BlackElo "2569"]

1.e4 g6 2.d4 Bg7 3.Nc3 c6 4.Bc4 d6 5.Qf3 e6 6.d5 Qe7 7.Nge2 e5 8.dxc6 bxc6
9.h4 Nf6 10.Bg5 Be6 11.Bb3 Nbd7 12.h5 O-O 13.hxg6 fxg6 14.Qh3 Rae8 15.O-O-O Nc5
16.Bxf6 Nxb3+ 17.axb3 Bxf6 18.Qd3 Rd8 19.f3 d5 20.exd5 cxd5 21.Qb5 Qf7 22.Kb1 Rb8
23.Qd3 Rfd8 24.Nc1 Rbc8 25.Rhe1 Bg7 26.Qe2 Re8 27.Qb5 Rcd8 28.Nd3 Bf5 29.Nb4 Rb8
30.Qa5 e4 31.Ncxd5 exf3 32.gxf3 h5 33.Rxe8+ Rxe8 34.Nc6 Kh7 35.Nd4 Bc8 36.f4 Bb7
37.Nf3 Qf5 38.Ng5+ Kh6 39.Qb5 Rc8 40.Nc3 Qxb5 41.Nxb5 h4 42.Nd6 Rc7 43.Rg1 Bd5
44.c4 Ba8 45.Ngf7+ Kh7 46.Rg4 Kg8 47.Ng5 Re7 48.Rxh4 Re2 49.Rh3 Bc6 50.Rd3 Rxb2+
51.Kc1 Rf2 52.Nc8 Bb2+ 53.Kd1 Ba3 54.Nxa7 Bg2 55.c5 Kf8 56.c6 Rf1+ 57.Ke2 Rc1
58.c7 Bf1+ 59.Kd2 Bxd3 60.Kxd3 Ke7 61.c8=Q Rxc8 62.Nxc8+ Kd7 63.Nb6+ Kc6
64.Nc4 Bc1 65.Ne5+ Kb5 66.Nxg6 Kb4 67.Kc2 Be3 68.Ne6  1-0

[Event "Open A"]
[Site "Oberwart AUT"]
[Date "2006.07.15"]
[Round "8"]
[White "Lendwai,R"]
[Black "Zozulia,A"]
[Result "1-0"]
[WhiteElo "2428"]
[BlackElo "2352"]

1.e4 g6 2.d4 Bg7 3.Nc3 c6 4.Nf3 d6 5.Bc4 Nf6 6.Bb3 O-O 7.O-O d5 8.Re1 dxe4
9.Nxe4 Nxe4 10.Rxe4 Bf5 11.Rh4 h5 12.Bg5 Nd7 13.Qd2 a5 14.a4 Re8 15.h3 Nf8
16.Re1 Qd6 17.Bf4 Qb4 18.Qd1 c5 19.c3 Qb6 20.g4 Be6 21.d5 Red8 22.gxh5 Bxd5
23.Bxd5 e6 24.Qb3  1-0

[Event "Czech Open A"]
[Site "Pardubice CZE"]
[Date "2006.07.21"]
[Round "1"]
[White "Yaksin,O"]
[Black "Warakomski,T"]
[Result "0-1"]
[WhiteElo "2232"]
[BlackElo "2420"]

1.e4 g6 2.d4 Bg7 3.Nc3 c6 4.a4 d6 5.g3 Nf6 6.Bg2 O-O 7.Nge2 e5 8.O-O a5 9.h3 Na6
10.Be3 exd4 11.Nxd4 Re8 12.Nb3 Be6 13.Qe2 Qd7 14.Kh2 Bxb3 15.cxb3 Qe6 16.Qd1 Nd7
17.Bf4 Be5 18.Be3 Ndc5 19.Ra3 Bxc3 20.bxc3 Nxe4 21.Bxe4 Qxe4 22.Qxd6 Rad8
23.Qf4 Qxf4 24.gxf4 Rd3 25.Rc1 Nc7 26.c4 Re4 27.f5 gxf5 28.Rg1+ Kh8 29.Bb6 Ne6
30.Rg3 Rd2 31.Ra1 c5 32.Bxa5 Rxf2+ 33.Kg1 Rc2 34.Kh1 f4 35.Bc3+ Nd4 36.Rd3 Re3
37.Bxd4+ cxd4 38.Rxd4 Rxh3+ 39.Kg1 f3 40.Rf4 f5 41.Rxf5 h6  0-1

[Event "32nd Open"]
[Site "Sitges ESP"]
[Date "2006.07.21"]
[Round "1"]
[White "Mouquin,V"]
[Black "Moskalenko,V"]
[Result "0-1"]
[WhiteElo "2004"]
[BlackElo "2543"]

1.e4 g6 2.d4 Bg7 3.Nc3 c6 4.f4 d5 5.Nf3 Bg4 6.Be3 Nh6 7.h3 dxe4 8.Nxe4 Nf5
9.hxg4 Nxe3 10.Qd2 Nxf1 11.Rxf1 Qd5 12.Qe3 O-O 13.Nc3 Qd7 14.O-O-O Qxg4 15.Rh1 Nd7
16.Rh4 Qe6 17.Qxe6 fxe6 18.Ng5 Rf5 19.Nxe6 Bf6 20.Rh6 Nf8 21.g4 Ra5 22.Nc7 Rc8
23.b4 Rg5 24.Rh4 Rxc7 25.Kb2 Rf5  0-1

[Event "Summer Cup"]
[Site "Litohoro GRE"]
[Date "2006.07.22"]
[Round "1"]
[White "Malamatas,K"]
[Black "Svetushkin,D"]
[Result "0-1"]
[WhiteElo "1907"]
[BlackElo "2569"]

1.e4 g6 2.d4 Bg7 3.Nc3 c6 4.Nf3 d6 5.Be2 Nf6 6.Bg5 h6 7.Bf4 Nbd7 8.a4 O-O
9.O-O Qc7 10.Qd2 Kh7 11.h3 e5 12.Be3 Re8 13.Bd3 b6 14.Rfe1 Bb7 15.Rad1 Rad8
16.Qc1 a6 17.dxe5 dxe5 18.b3 b5 19.Ne2 Bf8 20.Ng3 Nc5 21.Bxc5 Bxc5 22.axb5 cxb5
23.Bf1 Qb6 24.Re2 Rxd1 25.Qxd1 a5  0-1

[Event "Open"]
[Site "Kiel GER"]
[Date "2006.07.24"]
[Round "5"]
[White "Lanka,Z"]
[Black "Schalla,D"]
[Result "1-0"]
[WhiteElo "2498"]
[BlackElo "2102"]

1.e4 g6 2.d4 Bg7 3.Nc3 c6 4.f4 d5 5.e5 h5 6.Be3 Nh6 7.Nf3 Bg4 8.h3 Bxf3 9.Qxf3 h4
10.Bd3 e6 11.O-O Nf5 12.Bf2 Nd7 13.Ne2 Bf8 14.Kh2 Be7 15.b3 Qc7 16.c4 Nb6
17.c5 Nd7 18.b4 Kf8 19.a4 Kg7 20.b5 f6 21.Qg4 Rab8 22.Rfc1 Rbf8 23.Kg1 Rb8
24.a5 Kf7 25.a6 bxa6 26.bxc6 Qxc6 27.Rxa6 Qc7 28.Rxe6 Kxe6 29.Qxg6 Bf8 30.Bxf5+ Ke7
31.e6  1-0

[Event "Summer Cup"]
[Site "Litohoro GRE"]
[Date "2006.07.24"]
[Round "3"]
[White "Tassopoulos,M"]
[Black "Svetushkin,D"]
[Result "0-1"]
[WhiteElo "2270"]
[BlackElo "2569"]

1.e4 g6 2.d4 Bg7 3.Nc3 c6 4.f4 d5 5.e5 Nh6 6.Nf3 f6 7.Be3 Bg4 8.Be2 O-O 9.O-O Nd7
10.h3 Bxf3 11.Rxf3 fxe5 12.fxe5 Nf5 13.Bf2 e6 14.g4 Nh4 15.Rxf8+ Nxf8 16.Qe1 g5
17.Be3 c5 18.Qg3 cxd4 19.Bxd4 Nfg6 20.Rf1 Qb8 21.Nb5 Nxe5 22.Qc3 a6 23.Nc7 Nef3+
24.Bxf3 Bxd4+ 25.Qxd4 Qxc7 26.Qf6 Qg3+ 27.Kh1 Qxh3+ 28.Kg1 Qg3+ 29.Kh1 Rf8
30.Qxe6+ Kh8 31.Qe7 Qh3+  0-1

[Event "Summer Cup"]
[Site "Litohoro GRE"]
[Date "2006.07.25"]
[Round "4"]
[White "Iordanidou,Z"]
[Black "Karapanos,N"]
[Result "1-0"]
[WhiteElo "1968"]
[BlackElo "2246"]

1.e4 g6 2.d4 Bg7 3.Nc3 c6 4.f4 d5 5.e5 Nh6 6.Nf3 O-O 7.Be3 f6 8.h3 b5 9.Be2 Nd7
10.O-O Nb6 11.b3 a5 12.a4 b4 13.Na2 fxe5 14.fxe5 Bf5 15.Qd2 Nf7 16.Rad1 Qd7
17.Nc1 Rae8 18.Nh4 e6 19.Nxf5 exf5 20.Nd3 Qe7 21.Nc5 Nd7 22.e6  1-0

[Event "Czech Open A"]
[Site "Pardubice CZE"]
[Date "2006.07.26"]
[Round "6"]
[White "Schneider,Dav"]
[Black "Gumula,D"]
[Result "0-1"]
[WhiteElo "2202"]
[BlackElo "2306"]

1.e4 g6 2.d4 Bg7 3.Nc3 c6 4.f4 d5 5.e5 Nh6 6.Be2 f6 7.Nf3 Bg4 8.Be3 O-O 9.O-O Bxf3
10.Bxf3 Nf5 11.Bf2 fxe5 12.fxe5 e6 13.Na4 Nd7 14.b4 Bh6 15.Qe2 Qg5 16.Rfd1 Rf7
17.Rd3 Raf8 18.Nc5 Nxc5 19.bxc5 Ng7 20.Be3 Qh4 21.Bf2 Qd8 22.Bg3 Bf4 23.Be1 h5
24.Bd2 Qg5 25.Rf1 h4 26.Bxf4 Rxf4 27.c3 Nf5 28.Kf2 Nh6 29.Ke1 Ng4 30.h3 Nh6
31.Kd1 Nf5 32.Qd2 Ng3 33.Re1 Qd8 34.Qb2 b6 35.cxb6 axb6 36.Qa3 Kg7 37.Rd2 R4f7
38.Rb2 c5 39.Qa6 cxd4 40.cxd4 Rf4 41.Qxb6 Qxb6 42.Rxb6 Rc8 43.Rb4 Nf5 44.Be2 Nxd4
45.Rf1 Rc1+ 46.Kxc1 Nxe2+ 47.Kd2 Rxb4 48.Kxe2 Rb2+ 49.Kf3 Rxa2 50.Rb1 Ra3+
51.Kf2 Ra2+ 52.Kf3 Ra3+ 53.Kf2 g5 54.Rb6 Kf7 55.Rb8 Ra4 56.Kf3 Rf4+  0-1

[Event "XLVIII TCh-POR"]
[Site "Evora POR"]
[Date "2006.07.27"]
[Round "6"]
[White "Silva,Fe1"]
[Black "Ferreira,Ant1"]
[Result "1-0"]
[WhiteElo "2355"]
[BlackElo "2207"]

1.d4 g6 2.e4 Bg7 3.Nc3 c6 4.Bc4 d6 5.Qf3 e6 6.Nge2 d5 7.Bb3 h6 8.h4 Nf6 9.e5 Nh7
10.Qg3 h5 11.Nf4 Bf8 12.Bd2 Be7 13.Nce2 c5 14.Ba4+ Nc6 15.c3 Qb6 16.c4 cxd4
17.cxd5 Qxb2 18.Rd1 exd5 19.Nxd5 Bd8 20.O-O O-O 21.Bb3 Bg4 22.f3 Bf5 23.Rfe1 Qa3
24.Nef4 Na5 25.Bb4 Qb2 26.Rd2 Qa1  1-0

[Event "XLVIII TCh-POR"]
[Site "Evora POR"]
[Date "2006.07.28"]
[Round "7"]
[White "Fernandes,An"]
[Black "Silva,Fe1"]
[Result "1-0"]
[WhiteElo "2457"]
[BlackElo "2355"]

1.e4 g6 2.d4 Bg7 3.Nc3 c6 4.Bc4 d6 5.Qf3 e6 6.Nge2 Nd7 7.a3 Ne7 8.Ba2 d5
9.O-O O-O 10.Bf4 b6 11.Rfe1 a5 12.Rad1 Ra7 13.Nc1 Re8 14.h3 b5 15.Bd6 Rb7
16.Nb3 b4 17.Na4 dxe4 18.Qxe4 Nf6 19.Qf4 Nfd5 20.Qh2 Nf5 21.Be5 f6 22.Bf4 Nxf4
23.Qxf4 bxa3 24.bxa3 Qd6 25.Qxd6 Nxd6 26.Nbc5 Rbe7 27.Nb6 Nf7 28.Nxc8 Rxc8
29.Nxe6 Rb8 30.Nxg7  1-0

[Event "Open"]
[Site "Kiel GER"]
[Date "2006.07.28"]
[Round "9"]
[White "Marxen,P"]
[Black "Schramm,D"]
[Result "1-0"]
[WhiteElo "2176"]
[BlackElo "1978"]

1.e4 g6 2.d4 Bg7 3.Nc3 c6 4.Nf3 d5 5.h3 Nf6 6.Bd3 O-O 7.O-O Na6 8.a3 dxe4
9.Nxe4 Nc7 10.Nxf6+ exf6 11.Re1 Nd5 12.Bd2 f5 13.Qc1 Qc7 14.c4 Nf6 15.Bf4 Qd8
16.Be5 Re8 17.Qc2 Be6 18.Rad1 Qa5 19.Ra1 Qd8 20.b4 Rc8 21.a4 a6 22.Qb2 Qd7
23.d5 cxd5 24.Bxf6 Bxf6 25.Qxf6 dxc4 26.Bc2 b5 27.Rad1 Qc7 28.axb5 axb5 29.Qc3 Qe7
30.Nd4 Qb7 31.Nxe6 fxe6 32.Rd6 Rc6 33.Qd4 Qc7 34.Rd7  1-0

[Event "Open"]
[Site "Kiel GER"]
[Date "2006.07.28"]
[Round "9"]
[White "Bunk,K"]
[Black "Schalla,D"]
[Result "0-1"]
[WhiteElo "2179"]
[BlackElo "2102"]

1.d4 g6 2.e4 Bg7 3.Nc3 c6 4.f4 d5 5.e5 Nh6 6.Nf3 Bg4 7.Be2 e6 8.Be3 Nd7 9.Qd2 Qa5
10.h3 Bxf3 11.Bxf3 Nf5 12.Bf2 c5 13.dxc5 Nxc5 14.a3 Nd7 15.g4 Ne7 16.b4 Qc7
17.Nb5 Qc6 18.Nd6+ Kf8 19.Bd4 Nc8 20.b5 Qc7 21.Qb4 Nxd6 22.exd6 Qxc2 23.O-O Bxd4+
24.Qxd4 Qc5 25.Qxc5 Nxc5 26.Rac1 b6 27.f5 Kg7 28.f6+ Kf8 29.Bxd5 exd5 30.Rfd1 Ke8
31.Rxd5 Kd7 32.Re5 Ne6 33.Re3 Rhc8  0-1

[Event "Czech Open A"]
[Site "Pardubice CZE"]
[Date "2006.07.29"]
[Round "9"]
[White "Solovjova,V"]
[Black "Ushenina,A"]
[Result "0-1"]
[WhiteElo "2265"]
[BlackElo "2410"]

1.e4 g6 2.d4 Bg7 3.Nc3 c6 4.Nf3 d5 5.exd5 cxd5 6.Bb5+ Nc6 7.O-O Bg4 8.h3 Bxf3
9.Qxf3 e6 10.Ne2 Ne7 11.Bg5 Qb6 12.Bxc6+ Nxc6 13.Qa3 f6 14.Bh4 Nxd4 15.Nxd4 Qxd4
16.Rfe1 Qb6 17.Qa4+ Ke7 18.Re3 Rhe8 19.Rae1 Kf8 20.f4 Kf7 21.Bf2 Qc6 22.Qb4 Bf8
23.Qb3 Bc5 24.R3e2 Bxf2+ 25.Rxf2 Rac8 26.Qf3 Qc4 27.a3 Qa4 28.f5 gxf5 29.Qh5+ Kg7
30.Re3 Qd7 31.g4 Kh8 32.gxf5 Rg8+ 33.Kf1 e5 34.Qh4 Qg7 35.c3 Rc4 36.Qh5 Rg4
37.Ref3 Re4  0-1

[Event "MTO Open"]
[Site "Biel SUI"]
[Date "2006.07.30"]
[Round "6"]
[White "Vuilleumier,A"]
[Black "Roiz,M"]
[Result "0-1"]
[WhiteElo "2402"]
[BlackElo "2611"]

1.e4 g6 2.d4 Bg7 3.Nc3 c6 4.Nf3 d6 5.h3 Nf6 6.Bd3 Qc7 7.O-O e5 8.Ne2 exd4
9.Nfxd4 O-O 10.c4 Nbd7 11.Ng3 Re8 12.Re1 a6 13.Rb1 Ne5 14.Bf1 b5 15.cxb5 axb5
16.Qc2 Qa5 17.Bd2 Qb6 18.Be3 Qa6 19.b3 Qxa2 20.Qxa2 Rxa2 21.f4 Ned7 22.Nxc6 Nxe4
23.Nxe4 Rxe4 24.Bxb5 Ba6 25.Bxa6 Rxa6 26.Rbc1 Ra3 27.Bf2 Rxe1+ 28.Rxe1 Rxb3
29.Re8+ Bf8 30.Rd8 Rb7 31.Ne7+ Kg7 32.Nd5 f5 33.g4 fxg4 34.hxg4 Kf7 35.f5 Ne5
36.fxg6+ hxg6 37.Ne3 Rb4 38.g5 Be7 39.Ra8 Bxg5 40.Ra7+ Ke8 41.Nc2 Rc4 42.Nd4 Rxd4  0-1

[Event "15th Open A"]
[Site "Vienna AUT"]
[Date "2006.07.30"]
[Round "2"]
[White "Knoll,H"]
[Black "Bachmayer,J"]
[Result "1-0"]
[WhiteElo "2373"]
[BlackElo "2163"]

1.e4 g6 2.d4 Bg7 3.Nc3 c6 4.f4 d5 5.e5 h5 6.Be3 Nh6 7.Nf3 Bg4 8.h3 Bxf3 9.Qxf3 Nf5
10.Bf2 h4 11.Bd3 e6 12.O-O Nd7 13.Ne2 Bf8 14.b3 c5 15.c4 dxc4 16.Bxc4 cxd4
17.Qxb7 Rb8 18.Qe4 Bc5 19.Rad1 Qb6 20.Nxd4 Nxd4 21.Rxd4 Bxd4 22.Bxd4 Qb7
23.Qd3 O-O 24.Bxe6 Kh7 25.Bg4 Nb6 26.Bc5 Rbd8 27.Bd6 Nc8 28.Bxc8 Qxc8 29.f5 g5
30.f6+ Kh6 31.Bxf8+ Rxf8 32.Qd5 g4 33.Qd2+ Kg6 34.Qd3+ Kh6 35.Qe3+ Kh5 36.Qe4 Rg8
37.Rf5+  1-0

[Event "15th Open A"]
[Site "Vienna AUT"]
[Date "2006.07.31"]
[Round "3"]
[White "Hudec,M"]
[Black "Wilke,W"]
[Result "1/2-1/2"]
[WhiteElo "2055"]
[BlackElo "2212"]

1.e4 g6 2.d4 Bg7 3.Nc3 c6 4.f4 d5 5.e5 h5 6.Nf3 Nh6 7.Be3 Bg4 8.Be2 Bxf3
9.Bxf3 e6 10.Qd2 Nd7 11.Nd1 Rc8 12.O-O Nf5 13.Bf2 Bf8 14.Ne3 Nxe3 15.Qxe3 c5
16.c3 Be7 17.Kh1 Qa5 18.Qe2 cxd4 19.cxd4 Nb8 20.f5 gxf5 21.Bxh5 Bg5 22.Rad1 Qc7
23.g4 Qc2 24.gxf5 Qxe2 25.Bxe2 Rc2 26.Bg4 Ke7 27.Bg1 Rxb2 28.Rb1 Rxb1 29.Rxb1 b6
30.Rb3 Nc6 31.Rc3 Kd7 32.fxe6+ fxe6 33.Bxe6+ Kxe6 34.Rxc6+ Kf5 35.Rd6 Ke4
36.Rd7 a5 37.a4 Rc8 38.e6 Rc6 39.Rg7 Bf6 40.Rg6 Rxe6 41.h4 Kf5 42.h5 Re4
43.Kg2 Rh4 44.Rh6 Rg4+ 45.Kf1 Rf4+ 46.Kg2 Ke4 47.Bh2 Rf5 48.Bg1 Rg5+ 49.Kf1 Kf5
50.Rh7 Kg4 51.Rb7 Kxh5 52.Be3 Rg3 53.Kf2 Rg6 54.Kf3 Bg7 55.Rd7 Rf6+ 56.Ke2 Bh6
57.Rxd5+ Kg6 58.Bxh6 Kxh6 59.Kd3 Kg6 60.Ke4 Rf1 61.Rd6+ Kf7 62.Rxb6 Ra1 63.Ke5 Rxa4
64.Rb7+ Ke8 65.d5 Ra1 66.Kd6 a4 67.Rb8+ Kf7 68.Kd7 a3 69.Ra8 a2 70.d6 Kf6
71.Kd8 Kf7  1/2-1/2

[Event "17th Jozef Kochan Mem"]
[Site "Koszalin POL"]
[Date "2006.08.04"]
[Round "1"]
[White "Kanarek,M"]
[Black "Warakomski,T"]
[Result "1/2-1/2"]
[WhiteElo "2190"]
[BlackElo "2420"]

1.e4 g6 2.d4 Bg7 3.Nc3 c6 4.Nf3 d6 5.a4 Nf6 6.h3 O-O 7.Be3 Qa5 8.Qd2 e5 9.Bd3 Re8
10.dxe5 dxe5 11.O-O Nbd7 12.Nd5 Qd8 13.Nxf6+ Bxf6 14.a5 Nf8 15.Rfd1 Ne6 16.c3 Qe7
17.b4 Rd8 18.Qc2 Nf4 19.Bf1 Be6 20.Bc5 Qc7 21.Rxd8+ Bxd8 22.Qd2 f6 23.g3 Nh5
24.Qe3 a6 25.Rd1 Qf7 26.Bb6 Be7 27.Ne1 Ng7 28.Nd3 Re8 29.Bc5 Rd8 30.Rd2 Ne8
31.Bxe7 Qxe7 32.Nc5 Rxd2 33.Qxd2 Nd6 34.Kh2 Kg7 35.Qe3 Bf7 36.Be2 f5 37.exf5 gxf5
38.f4 e4 39.g4 fxg4 40.hxg4 Bd5 41.Kg1 Qh4 42.Qf2 Qh3 43.Qd4+ Kf7 44.c4 Qg3+
45.Kf1 Qxf4+ 46.Qf2 Qxf2+ 47.Kxf2 Bxc4 48.Nxb7 Bxe2 49.Nxd6+ Ke6 50.Nxe4 Bxg4
51.Nc5+ Kd6 52.Nxa6 Bc8 53.Nc5 Kd5 54.a6 Bxa6 55.Nxa6 Kc4 56.Kg3  1/2-1/2

[Event "15th Open A"]
[Site "Vienna AUT"]
[Date "2006.08.05"]
[Round "8"]
[White "Sepetavc,W"]
[Black "Bachmayer,J"]
[Result "0-1"]
[WhiteElo "2056"]
[BlackElo "2163"]

1.e4 g6 2.d4 Bg7 3.Nc3 c6 4.Be2 d5 5.Nf3 Nh6 6.Bf4 dxe4 7.Nxe4 Qa5+ 8.c3 Qf5
9.Qd2 Qxe4 10.Bxh6 O-O 11.Bxg7 Kxg7 12.Ng5 Qf5 13.Bd3 Qd5 14.Be4 Qd6 15.h4 h5
16.O-O-O Be6 17.Bb1 Bd5 18.f3 Nd7 19.g4 Nf6 20.Rhg1 Rh8 21.gxh5 Rxh5 22.Ne4 Qc7
23.Ng3 Rah8 24.Nxh5+ Rxh5 25.Qe3 Rxh4 26.Qe5 Qxe5 27.dxe5 Nh5 28.Rde1 e6
29.Rg4 Rh3 30.Ra4 a6 31.Be4 Nf4 32.Rd4 g5 33.c4 Bxe4 34.Rexe4 Rxf3 35.Rd7 Nd3+
36.Kd2 Nc5 37.Red4 Nxd7 38.Rxd7 Rf5 39.Rxb7 Rxe5 40.Rb3 Kg6 41.Rg3 f5 42.b4 f4
43.Rg1 Kf5 44.a4 g4 45.a5 g3 46.b5 cxb5 47.cxb5 Rxb5  0-1